Neravnovesnyje modeli ekonomičeskich sistem
Na minha lista:
| Autor principal: | |
|---|---|
| Outros Autores: | |
| Formato: | Livro |
| Idioma: | russo |
| Publicado em: |
Moskva
Nauka
1981
|
| Colecção: | Teorija i metody sistemnogo analiza
|
| Tags: |
Sem tags, seja o primeiro a adicionar uma tag!
|
MARC
| LEADER | 00000nam a2200000 4500 | ||
|---|---|---|---|
| 001 | c131026 | ||
| 005 | 20041019155251.2 | ||
| 041 | 0 | |a rus | |
| 044 | |a RU | ||
| 245 | 1 | 0 | |a Neravnovesnyje modeli ekonomičeskich sistem |c Emmauil Markovič Braverman, Mark Iosifovič Levin |
| 264 | 1 | |a Moskva |b Nauka |c 1981 | |
| 300 | |a 301 s. | ||
| 490 | 1 | |a Teorija i metody sistemnogo analiza | |
| 830 | 0 | |a Teorija i metody sistemnogo analiza | |
| 100 | 1 | |a Braverman, Emmauil Markovič | |
| 700 | 1 | |a Levin, Mark Iosifovič | |